<?xml version="1.0" encoding="UTF-8"?>
<collection xmlns="http://www.loc.gov/MARC21/slim">
 <record>
  <leader>00549pamaa2200157   4500</leader>
  <controlfield tag="001">0000020346</controlfield>
  <controlfield tag="005">20070104090000.0</controlfield>
  <datafield tag="020" ind1="0" ind2="0">
   <subfield code="a">0819180513 </subfield>
  </datafield>
  <datafield tag="090" ind1="0" ind2="0">
   <subfield code="a">PK8548.I8 </subfield>
   <subfield code="b">ISA 1991</subfield>
  </datafield>
  <datafield tag="100" ind1="1" ind2="0">
   <subfield code="a">ISAHAKIAN </subfield>
  </datafield>
  <datafield tag="245" ind1="1" ind2="0">
   <subfield code="a">Notebooks of a lyric poet : </subfield>
   <subfield code="b">Avetik S. Isahakian 1875-1957  </subfield>
   <subfield code="c">translated, introduced and annotated by Leon D. Megrian.</subfield>
  </datafield>
  <datafield tag="260" ind1="0" ind2="0">
   <subfield code="a">Lanham: </subfield>
   <subfield code="b">New York, </subfield>
   <subfield code="c">1991.</subfield>
  </datafield>
  <datafield tag="300" ind1=" " ind2=" ">
   <subfield code="a">xi, 405p.; </subfield>
   <subfield code="c">22cm.</subfield>
  </datafield>
  <datafield tag="650" ind1="0" ind2="0">
   <subfield code="a">Poets, Armenian -- </subfield>
   <subfield code="x">Diaries -- </subfield>
   <subfield code="y">20th century </subfield>
  </datafield>
  <datafield tag="651" ind1="0" ind2="0">
   <subfield code="a">Armenia -- </subfield>
   <subfield code="x">Description and travel -- </subfield>
   <subfield code="y">1919- </subfield>
  </datafield>
  <datafield tag="700" ind1="1" ind2="1">
   <subfield code="a">Megrian, </subfield>
   <subfield code="h">Leon D. </subfield>
  </datafield>
 </record>
</collection>
